000 00499nam a22001817a 4500
003 BUBTL
008 211027b ||||| |||| 00| 0 eng d
082 _a343.052/Am99i/2005
100 _94314
_aআমজাদ,আবু
245 _aআয়কর সারগ্রন্থ
250 _a1st
260 _a
_cc2005
300 _a[40], 687p . :
_c21.5cm.
650 0 _926
_aLaw
856 _k0
_l0
_yDownload
942 _2ddc
_cBK
999 _c6562
_d6562